000 01031nam a2200313 i 4500
003 OSt
005 20260407094629.0
008 260407t20242013nyuao er 001 0 eng d
020 _a9781266026263
_cRM 187.00
_qpaperback
040 _aPPAK
_beng
_cPPAK
_erda
082 0 4 _223
_a615.82
090 0 0 _a615.82
_bPHY
_dR
245 0 0 _aPHYSICAL THERAPY CASE FILES Orthopedics /
_cJason Burmitt, Erin E. Jobst
250 _aSecond Edition
264 1 _aNew York :
_bMcGraw Hill,
_c2024
264 4 _c©2013
300 _axv, 558 pages :
_billustrations, photographs ;
_c21 cm
336 _atext
_2rdacontent
337 _aunmediated
_2rdamedia
338 _avolume
_2rdacarrier
504 _aIncludes bibliographical references and index.
650 1 0 _aPhysical therapy modalities
650 2 0 _aMusculoskeletal Diseases
_xTherapy
650 2 0 _aOrthopedic Procedures
_xMethods
650 2 0 _aNeeds assessment
700 1 _aBrumitt, Jason,
_eeditor.
700 1 _aJobst, Erin E.,
_eeditor.
942 _2ddc
_cB
999 _c203714
_d203714